Los degenerados (Record no. 173954)

MARC details
000 -LEADER
campo de control de longitud fija 00796namaa22001691i 4500
001 - NÚMERO DE CONTROL
campo de control 173954
003 - IDENTIFICADOR DE NÚMERO DE CONTROL
campo de control ES-MaACL
005 - FECHA Y HORA DE LA ÚLTIMA TRANSACCIÓN
campo de control 20230906215412.0
008 - DATOS DE LONGITUD FIJA--INFORMACIÓN GENERAL
campo de control de longitud fija 100203s1897 sp |||| | spa d
100 1# - ENTRADA PRINCIPAL--NOMBRE DE PERSONA
Nombre de persona Maestre, Tomás,
Fechas asociadas al nombre 1857-1936
9 (RLIN) 75394
245 14 - MENCIÓN DEL TÍTULO
Título Los degenerados
Resto del título : drama en tres actos y en verso /
Mención de responsabilidad, etc. original de Tomás Maestre.
260 ## - PUBLICACIÓN, DISTRIBUCIÓN, ETC.
Lugar de publicación, distribución, etc. Madrid :
Nombre del editor, distribuidor, etc. [Administración Lírico Dramática],
Fecha de publicación, distribución, etc. 1897 (
Fabricante Sucesores de Rodríguez y Odriozola)
300 ## - DESCRIPCIÓN FÍSICA
Extensión 75 p. ;
Dimensiones 20 cm.
594 ## - Nota al título y mención de responsabilidad
Nota al título y mención de responsabilidad En port.: Estrenado con extraordinario éxito en el Teatro de Novedades la noche del 22 de diciembre de 1866.
852 ## - LOCALIZACIÓN
Ubicación ES-MaACL
Número de control de estantería F-8634(3)
Nota libre - Enc. pasta española
-- - Enc. en un vol. facticio formando parte de la col. facticia "Teatro español moderno", vol. 89
Holdings
Estatus retirado Estado de pérdida Estado de daño No para préstamo Colección Biblioteca de origen Biblioteca actual Ubicación en estantería Fecha de adquisición Fuente de adquisición Total de préstamos Signatura topográfica completa Código de barras Visto por última vez Precio de reemplazo Tipo de ítem Koha
        Libros del s. XIX Biblioteca del Ateneo de Madrid Biblioteca del Ateneo de Madrid Sala Pecera Planta 2 03/02/2010     F-8634(3) 1182601 23/02/2023 23/02/2023 Libro impreso antiguo